Theory and problems of computer graphics / (Record no. 7380)
[ view plain ]
| 000 -LEADER | |
|---|---|
| fixed length control field | 00412cam a2200157ua 4500 |
| 020 ## - INTERNATIONAL STANDARD BOOK NUMBER | |
| ISBN | 9780071357814 |
| 082 ## - DEWEY DECIMAL CLASSIFICATION NUMBER | |
| Classification number | 006.6 |
| Item number | PLA/TH |
| 100 ## - MAIN ENTRY--AUTHOR NAME | |
| Personal name | Plastock, Roy A . |
| 245 ## - TITLE STATEMENT | |
| Title | Theory and problems of computer graphics / |
| 250 ## - EDITION STATEMENT | |
| Edition statement | 1 / |
| 260 ## - PUBLICATION, DISTRIBUTION, ETC. (IMPRINT) | |
| Place of publication | New York : |
| Name of publisher | McGraw Hill Book Company , |
| Year of publication | 1986. |
| 300 ## - PHYSICAL DESCRIPTION | |
| Number of Pages | 340 ; . |
| 490 0# - SERIES STATEMENT | |
| Series statement | Schaum`s outline series, |
| 700 1# - ADDED ENTRY--PERSONAL NAME | |
| Personal name | Kallas, Gordon . |
| 942 ## - ADDED ENTRY ELEMENTS (KOHA) | |
| Koha item type | Books |
| Withdrawn status | Lost status | Damaged status | Home library | Current library | Date acquired | Full call number | Accession Number | Koha item type |
|---|---|---|---|---|---|---|---|---|
| KAUAET | KAUAET | 07/04/2012 | 006.6 | 16861 | Books |
